000 00662nam a2200181Ia 4500
003 GCL
008 140319s9999 xx 000 0 ara d
040 _aGCL /
_cGCL
082 0 4 _aق
_b932.094
_bف د
100 1 _aفادية محمد ابوبكر
245 1 0 _aدراسات فى تاريخ مصر : العصر البطلمى /
_cفادية محمد ابوبكر
260 _aالقاهرة :
_bدار المعرفة الجامعية ،
_c1997
300 _a270 ص ؛
_c24 سم
650 0 4 _aالتاريخ
650 0 4 _aمصر القديمة - تاريخ - العصر اليونانى
650 0 4 _aمصر القديمة - تاريخ
942 _2ddc
_cBK
999 _c49197
_d49197